Detalles MARC
| 000 -LEADER |
| fixed length control field |
03357nam a2200517Ii 4500 |
| 001 - CONTROL NUMBER |
| control field |
DIGIBE0490 |
| 003 - CONTROL NUMBER IDENTIFIER |
| control field |
NyNyDIG |
| 006 - FIXED-LENGTH DATA ELEMENTS--ADDITIONAL MATERIAL CHARACTERISTICS |
| fixed length control field |
m o d |
| 008 - FIXED-LENGTH DATA ELEMENTS--GENERAL INFORMATION |
| fixed length control field |
190914s2018 sp a ob 000 0 spa d |
| 007 - PHYSICAL DESCRIPTION FIXED FIELD--GENERAL INFORMATION |
| fixed length control field |
cr ||||||||||| |
| 035 ## - SYSTEM CONTROL NUMBER |
| System control number |
(OCoLC)1076485094 |
| 040 ## - CATALOGING SOURCE |
| Original cataloging agency |
DGITA |
| Language of cataloging |
eng |
| Description conventions |
rda |
| -- |
pn |
| Transcribing agency |
DGITA |
| 020 ## - INTERNATIONAL STANDARD BOOK NUMBER |
| International Standard Book Number |
9783954877904 |
| Qualifying information |
(eBook ; |
| -- |
pdf) |
| 020 ## - INTERNATIONAL STANDARD BOOK NUMBER |
| International Standard Book Number |
3954877902 |
| Qualifying information |
(eBook ; |
| -- |
pdf) |
| 020 ## - INTERNATIONAL STANDARD BOOK NUMBER |
| Canceled/invalid ISBN |
9788484899365 |
| Qualifying information |
(Iberoamericana) |
| 020 ## - INTERNATIONAL STANDARD BOOK NUMBER |
| Canceled/invalid ISBN |
8484899365 |
| Qualifying information |
(Iberoamericana) |
| 020 ## - INTERNATIONAL STANDARD BOOK NUMBER |
| Canceled/invalid ISBN |
9783954877898 |
| Qualifying information |
(Vervuert) |
| 020 ## - INTERNATIONAL STANDARD BOOK NUMBER |
| Canceled/invalid ISBN |
3954877899 |
| Qualifying information |
(Vervuert) |
| 043 ## - GEOGRAPHIC AREA CODE |
| Geographic area code |
cl----- |
| -- |
n-us--- |
| 050 14 - LIBRARY OF CONGRESS CALL NUMBER |
| Classification number |
PN146 ebook |
| 082 04 - DEWEY DECIMAL CLASSIFICATION NUMBER |
| Classification number |
808.08 |
| 245 00 - TITLE STATEMENT |
| Title |
¿Publica o perece? : |
| Remainder of title |
memorial de adversidades durante el proceso de escritura / |
| Statement of responsibility, etc. |
Miguel Ángel Duque Hernández, Jesús Alberto Leyva Ortiz, Laura Érika Gallegos Infante (eds.). |
| 264 #1 - PRODUCTION, PUBLICATION, DISTRIBUTION, MANUFACTURE, AND COPYRIGHT NOTICE |
| Place of production, publication, distribution, manufacture |
Madrid : |
| Name of producer, publisher, distributor, manufacturer |
Iberoamericana ; |
| Place of production, publication, distribution, manufacture |
Frankfurt am Main : |
| Name of producer, publisher, distributor, manufacturer |
Vervuert Verlag, |
| Date of production, publication, distribution, manufacture, or copyright notice |
2018. |
| 300 ## - PHYSICAL DESCRIPTION |
| Extent |
1 online resource : |
| Other physical details |
illustrations (some color) |
| 336 ## - CONTENT TYPE |
| Content type term |
text |
| Content type code |
txt |
| Source |
rdacontent |
| 337 ## - MEDIA TYPE |
| Media type term |
computer |
| Media type code |
c |
| Source |
rdamedia |
| 338 ## - CARRIER TYPE |
| Carrier type term |
online resource |
| Carrier type code |
cr |
| Source |
rdacarrier |
| 347 ## - DIGITAL FILE CHARACTERISTICS |
| File type |
text file |
| Source |
rdaft |
| 347 ## - DIGITAL FILE CHARACTERISTICS |
| Encoding format |
PDF |
| 504 ## - BIBLIOGRAPHY, ETC. NOTE |
| Bibliography, etc. note |
Includes bibliographical references. |
| 505 0# - FORMATTED CONTENTS NOTE |
| Formatted contents note |
¿Dónde empieza y a dónde llega la escritura? Lavín, Mónica -- Atila en las fronteras del ensayo / Flores, Malva -- Escribir para no morir : Blanchot y Elizondo : notas sobre la escritura y la posibilidad de su realización / Cuevas Velasco, Norma Angélica -- La angustia frente al papel en blanco : el proceso de escritura / Duque Hernández, Miguel Ángel Vázquez Gómez, Norma Guadalupe -- De Puebla a Tlaxcala : la escritura de textos expositivos /; Gallegos Infante, Laura Érika -- Crear cuentos: una experiencia con docentes en formación / Turrubiartes Cerino, Nayla Jimena, Leyva Ortiz, Jesús Alberto -- Viaje de emociones a través del lenguaje : la escritura creativa / Vaca Morales, María Azareel -- El trabajo colaborativo : entornos virtuales de aprendizaje ("EVA") utilizados por estudiantes de la Licenciatura en Educación Secundaria con Especialidad en Español / Leyva Ortiz, Jesús Alberto, Veytia Bucheli, María Guadalupe -- La escritura desde la aproximación a la poesía contemporánea / Cervantes Saucedo, Luz Elena -- Literatura y educación : hacia una didáctica fundamentada en la lectura, la escritura y la libertad de pensar por uno mismo / Duque Hernández, Miguel Ángel -- La enseñanza de la lectoescritura en primaria / Sánchez Sánchez, Bertha. |
| 588 0# - SOURCE OF DESCRIPTION NOTE |
| Source of description note |
Online resource; title from PDF title page (Digitalia, viewed September 18, 2019) |
| 650 #0 - SUBJECT ADDED ENTRY--TOPICAL TERM |
| Topical term or geographic name entry element |
Scholarly publishing. |
| 650 #0 - SUBJECT ADDED ENTRY--TOPICAL TERM |
| Topical term or geographic name entry element |
Authorship. |
| 650 #0 - SUBJECT ADDED ENTRY--TOPICAL TERM |
| Topical term or geographic name entry element |
Composition (Language arts) |
| 655 #0 - INDEX TERM--GENRE/FORM |
| Genre/form data or focus term |
Electronic books. |
| 700 1# - ADDED ENTRY--PERSONAL NAME |
| Personal name |
Duque Hernández, Miguel Angel, |
| Relator term |
editor. |
| 700 1# - ADDED ENTRY--PERSONAL NAME |
| Personal name |
Leyva Ortiz, Jesús Alberto, |
| Dates associated with a name |
1974- |
| Relator term |
editor. |
| 700 1# - ADDED ENTRY--PERSONAL NAME |
| Personal name |
Gallegos Infante, Laura Érika, |
| Dates associated with a name |
1972- |
| Relator term |
editor. |
| 791 2# - |
| -- |
Digitalia (Firm), |
| -- |
distributor. |
| 793 0# - |
| -- |
Digitalia eBook Collection: |
| -- |
Iberoamericana/Vervuert |
| 776 08 - ADDITIONAL PHYSICAL FORM ENTRY |
| Relationship information |
Print version: |
| Title |
¿Publica o perece? |
| Place, publisher, and date of publication |
Madrid : Iberoamericana ; Frankfurt am Main : Vervuert, 2018 |
| International Standard Book Number |
9788484899365 |
| Record control number |
(OCoLC)1056997984 |
| 856 40 - ELECTRONIC LOCATION AND ACCESS |
| Materials specified |
Digitalia Hispánica |
| Uniform Resource Identifier |
<a href="https://www.digitaliapublishing.com/a/56905/">https://www.digitaliapublishing.com/a/56905/</a> |
| 910 ## - USER-OPTION DATA (OCLC) |
| User-option data |
Premium collection: 2019 |
| 942 ## - ADDED ENTRY ELEMENTS (KOHA) |
| Koha item type |
Recurso Electrónico |